عرض عادي
عرض مارك
- زبدي، ناصر الدين،
مدخل إسم شخص
001 - رقم الضبط
- حقل الضبط: 54239
003 - معرف رقم الضبط
- حقل الضبط: OSt
005 - تاريخ ووقت أخر عملية
- حقل الضبط: 20160505083237.0
008 - عناصر بيانات ثابتة الطول
- حقل تحكم ثابت الطول: 160505|| aca||aabn | a|a d
040 ## - مصدر الفهرسة
- هيئة الفهرسة الأصلية: OSt
- وكالة الكتابة: OSt
100 ## - مدخل -- أسم شخص
- إسم شخص: زبدي، ناصر الدين،
- تواريخ مرتبطة بالاسم: 1956-
670 ## - بيانات المصدر موجوده
- الاستشهاد بالمصدر: Work cat.: (OSt): زبدي، ناصر الدين، 1956-, سيكولوجية المدرس : , 2013
